Movies of 2015 Quiz Stats

 Plays Quiz Updated Oct 21, 2019

Score 0/20 Timer 07:00
14 Plays Today
Picture Movie % Correct
16Minions
92.3%
20Star Wars: The Force Awakens
90%
4Jurassic World
87.7%
5Inside Out
86.7%
1Mad Max: Fury Road
84.7%
3The Revenant
83.4%
17Ant-Man
82.7%
2The Martian
80.9%
15Creed
76.1%
6Avengers: Age of Ultron
68%
Picture Movie % Correct
9The Hateful Eight
67.4%
12Furious 7
66.7%
7Ex Machina
56.3%
13Room
50.9%
19Chappie
45.6%
8Spotlight
43.8%
11Straight Outta Compton
40.7%
14The Danish Girl
32.3%
10Bridge of Spies
29.7%
18Brooklyn
24.4%

You're not logged in!

Compare scores with friends on all Sporcle quizzes.
OR
Log In

Sporcle TV

Today on Sporcle TV


Watch our educational content, quiz creation guides, and fun videos on Sporcle TV.

Show Comments

Extras

Top Quizzes Today


Score Distribution

Your Account Isn't Verified!

In order to create a playlist on Sporcle, you need to verify the email address you used during registration. Go to your Sporcle Settings to finish the process.

Report this User

Report this user for behavior that violates our Community Guidelines.

Details: